Регионална библиотека "Любен Каравелов" - Русе

Grand dictionnaire universel du XIXe siecle (Запис номер 90130)

MARC детайли
000 -Лидер
Контролно поле с фиксирана дължина 01430nam a2200325 c 4500
003 - Код на организацията, давaща контролен номер
Контролно поле BLK
005 - Дата и час на последна редакция
Контролно поле 20201019141447.0
008 - Елементи от данни с фиксирана дължина
fixed length control field 180408b bul|||||r ||||||| ||bul||
010 ## - Наследен системен номер
LC control number KNG00094857000
040 ## - Източник на каталожния запис
Идентификатор на билиотеката - собственик на записа BLK
041 ## - Код за език
Код за езика на текст/звукозапис или на отделно заглавие Френски
Код за езика КДБФ Френски
072 #7 - Код за тематичната категория
Код организация bullib
Код за тематична категория Ц
Текст Редки и ценни
080 ## - УДК
Текстов определител УДК Общи енциклопедии. Енциклопедични речници. Научни справочници. Отраслови енциклопедии и справочници се класират в съответните отдели с определител за форма
УДК код - определител по УДК 03
УДК - код + определител 03
100 1# - Редна дума - Автор
Автор Larousse, Pierre
Авторска отговорност първи автор
R(LIN) 16511
139 ## - Редно поле
Редна дума Larousse, Pierre
Авторски знак Laro - L 32
245 10 - Сведения за заглавието
Заглавие Grand dictionnaire universel du XIXe siecle
Подзаглавни данни Francais, histirique, geographoque, biographique, mythologique, bibliographique, litteraire, artistique, scientifique, etc. : T. 1 -
Редно поле (дума) Pierre Larousse.
Том T. 17
Заглавие на том Deuxieme supplement
257 ## - Страна на издаване
Страна на създаване/издаване Франция
260 ## - Област на издателските данни
Място на издаване, разпространение и проч. Paris
Име на издателя, разпространителя и проч. Admin. du grand dictionnaire universel
Година на издаване 1865 -
300 ## - Физическа характеристика
Размери/Мащаб 32 см
380 ## - Жанр
Жанр Общ отдел
490 ## - СЕРИИ (Колекции)
9 (RLIN) 435080
Име на серия Колекция Редки и ценни издания
650 #4 - Допълнително описание по предмет – тема
Основно описание – тема или топоним Енциклопедии
9 (RLIN) 154961
653 ## - Ключова дума – ненормативна
Ключова дума енциклопедии
659 ## - Тематичен бюлетин
Тематичен бюлетин Ц
760 1# - Описание на основната серия
Редна дума на основното описание Larousse, Pierre
Място на издаване, издател и година 1876
Страници - том 2024 с. : с ил
Заглавие T. 17 Deuxieme supplement
852 ## - Местоположение
Форматна сигнатура Рф 866
Фондова буква Редки и ценни
856 4# - Електронен адрес и достъп
Електронен формат pdf - файл
856 4# - Електронен адрес и достъп
Електронен формат pdf - файл
999 ## - СИСТЕМНИ КОНТРОЛНИ НОМЕРА
Koha biblionumber 90130
Koha biblioitemnumber 90130
942 ## - АРТИКУЛИ
Вид на библиотечния материал Книги
Скрит в OPAC Не
Периодичен библиозапис Да
944 ## - СЪЗДАВАНЕ И РЕДАКЦИЯ на ЗАПИСА
Създаване/Редакция Създаване
Дата на регистрацията/редакция 16.03.2010
Служител, извършил регистрацията/редакцията Наталия_Медовщикова
944 ## - СЪЗДАВАНЕ И РЕДАКЦИЯ на ЗАПИСА
Създаване/Редакция Редакция
Дата на регистрацията/редакция 03.08.2012
999 ## - СИСТЕМНИ КОНТРОЛНИ НОМЕРА
Koha biblioitemnumber 90130
Наличности
Код за отписване Код за изгубен артикул Източник на класификационната схема Код за повреда Коз за рестрикции Код за отдаване Артикулен № Име на библиотеката - собственик Име на библиотеката, в която се намира в момента Статус (Текущо местоположение) Дата на вписване в системата Местоположение - отдел Цена в лева Инвентарен номер Систематично азбучна сигнатура Баркод Номер на екземпляра Цена в евро Служебна бележка Служебен тип на артикула
  Не е изгубен Universal Decimal Classification Не е повреден само за читалня Специални фондове ( старопечатни, редки и ценни, фонд М. Арнаудов) 145691 Регионална библиотека "Любен Каравелов" Русе Регионална библиотека "Любен Каравелов" Русе Редки и ценни 2010-03-05 Редки и ценни 100.00 120000742732 Рф 866 120000742732 1 51.13 Дост: DA Вид: А N: 7 Дата: 05.03.2010 Дата инв: 14.12.2016 Бележки инв: Рц2016 Книги
Vip Innovations Ltd, Rousse, Bulgaria 2025